MARC details
| 000 -CABECERA |
| campo de control de longitud fija |
01458nam a22003257a 4500 |
| 005 - FECHA Y HORA DE LA ÚLTIMA TRANSACCIÓN |
| campo de control |
20230302063603.0 |
| 008 - ELEMENTOS DE LONGITUD FIJA--INFORMACIÓN GENERAL |
| campo de control de longitud fija |
230209s2020 mx aco|| |||| 00| 0 spa d |
| 020 ## - NÚMERO INTERNACIONAL NORMALIZADO PARA LIBROS |
| Número Internacional Estándar del Libro |
9786075491950 |
| 040 ## - FUENTE DE LA CATALOGACIÓN |
| Centro catalogador/agencia de origen |
MX-MxUPN |
| Lengua de catalogación |
spa |
| Normas de descripción |
MX-MxUPN |
| 041 0# - CÓDIGO DE IDIOMA |
| Código de lengua del texto/banda sonora o título independiente |
spa |
| 050 #4 - SIGNATURA TOPOGRÁFICA DE LA BIBLIOTECA DEL CONGRESO |
| Número de clasificación |
F1234 C34 |
| Número de documento/Ítem |
C54 2020 |
| 245 00 - MENCIÓN DE TÍTULO |
| Título |
A 100 años : |
| Resto del título |
iconografía de Venustiano Carranza |
| 246 ## - FORMA VARIANTE DE TÍTULO |
| Título propio/Titulo breve |
A cien años : |
| Resto del título |
iconografía de Venustiano Carranza |
| 250 ## - MENCIÓN DE EDICIÓN |
| Mención de edición |
Primera edición |
| 260 ## - PUBLICACIÓN, DISTRIBUCIÓN, ETC. |
| Lugar de publicación, distribución, etc. |
Ciudad de México, México : |
| Nombre del editor, distribuidor, etc. |
Instituto Nacional de Estudios Históricos de las Revoluciones de México |
| 260 ## - PUBLICACIÓN, DISTRIBUCIÓN, ETC. |
| Lugar de publicación, distribución, etc. |
Saltillo, Coahuila : |
| Nombre del editor, distribuidor, etc. |
Secretaría de Cultura de Coahuila |
| 260 ## - PUBLICACIÓN, DISTRIBUCIÓN, ETC. |
| Lugar de publicación, distribución, etc. |
Puebla, Puebla : |
| Nombre del editor, distribuidor, etc. |
Gobierno del Estado de Puebla, |
| Fecha de publicación, distribución, etc. |
2020. |
| 300 ## - DESCRIPCIÓN FÍSICA |
| Extensión |
156 páginas : |
| Otras características físicas |
ilustraciones, retratos, facsímiles, fotografías (algunas a color) |
| 490 ## - MENCIÓN DE SERIE |
| Mención de serie |
Clásicos del constitucionalismo |
| 600 10 - ASIENTO SECUNDARIO DE MATERIA - NOMBRE PERSONAL |
| 9 (RLIN) |
47795 |
| Nombre de persona |
Carranza, Venustiano, |
| Fechas asociadas al nombre |
1859-1920 |
| Subdivisión de forma |
Obras ilustradas |
| 600 10 - ASIENTO SECUNDARIO DE MATERIA - NOMBRE PERSONAL |
| 9 (RLIN) |
47796 |
| Nombre de persona |
Carranza, Venustiano, |
| Fechas asociadas al nombre |
1859-1920 |
| Subdivisión de forma |
Retratos |
| 650 #2 - ASIENTO SECUNDARIO DE MATERIA - TERMINO TEMATICO |
| Término de materia o nombre geográfico como elemento de entrada |
Presidentes |
| Subdivisión geográfica |
México |
| Subdivisión de forma |
Biografía |
| 9 (RLIN) |
6029 |
| 650 #0 - ASIENTO SECUNDARIO DE MATERIA - TERMINO TEMATICO |
| 9 (RLIN) |
47797 |
| Término de materia o nombre geográfico como elemento de entrada |
Presidentes |
| Subdivisión geográfica |
México |
| Subdivisión de forma |
Obras ilustradas |
| 651 #0 - ASIENTO SECUNDARIO DE MATERIA - NOMBRE GEOGRAFICO |
| 9 (RLIN) |
47807 |
| Nombre geográfico |
México |
| Subdivisión general |
Historia |
| Subdivisión cronológica |
Revolución, 1910-1920 |
| Subdivisión de forma |
Obras ilustradas |
| 700 1# - ASIENTO SECUNDARIO--NOMBRE DE PERSONAL |
| Nombre de persona |
Hernández Ángeles, Rafael |
| Término indicativo de función/relación |
editor |
| -- |
investigador |
| 9 (RLIN) |
47799 |
| 700 1# - ASIENTO SECUNDARIO--NOMBRE DE PERSONAL |
| Nombre de persona |
Garciadiego Dantan, Javier, |
| Fechas asociadas al nombre |
1951- |
| Término indicativo de función/relación |
escritor de prólogo |
| 9 (RLIN) |
31854 |
| 902 ## - ELEMENTOS DE DATOS B LOCAL, LDB (RLIN) |
| Creó |
GabrielCapula/090223 |
| Modificó |
NoemiAcosta/130223 |
| 942 ## - ELEMENTOS DE PUNTO DE ACCESO ADICIONAL (KOHA) |
| Fuente del sistema de clasificación o colocación |
Library of Congress Classification |
| Tipo de ítem Koha |
Libro |
| Suprimir en OPAC |
No |